Estados y Territorios Australianos - Estadísticas

Estadísticas generales
  • Esta prueba ha sido intentada 2.565 veces
  • La puntuación promedio es 5 de 8
Respuestas en el mapa
Las respuestas están codificadas por una escala verde-roja en el mapa de la prueba según el % correcto abajo.
 
Estadísticas de respuestas
Estado o Territorio % Correcto
Tasmania
91%
Queensland
71%
Nueva Gales del Sur
70%
Australia Occidental
65%
Victoria
65%
Australia Meridional
57%
Territorio de la Capital Australiana
52%
Territorio del Norte
46%
No se encontraron pruebas coincidentes
Distribución de puntuación
Porcentaje de gente con cada puntuación
Porcentaje por número respondido
Historial de tus puntuaciones
No has intentado esta prueba.